Loading...
Mythology | 0 | 3 | 0 | 0 | 30 | 55 | 84.00 | 0 | 1 |
Science - Physics | 0 | 3 | 0 | 2 | 30 | 72 | 103.67 | 0 | 1 |
Philosophy | 0 | 2 | 0 | 0 | 20 | 114 | 127.00 | 0 | 0 |
Science - Other Science | 0 | 2 | 0 | 0 | 20 | 103 | 106.00 | 0 | 0 |
History - World History | 0 | 1 | 0 | 1 | 10 | 134 | 134.00 | 0 | 0 |
History - European History | 0 | 1 | 0 | 0 | 10 | 114 | 114.00 | 0 | 0 |
Fine Arts - Visual Fine Arts | 0 | 1 | 0 | 0 | 10 | 107 | 107.00 | 0 | 1 |
Religion | 0 | 1 | 0 | 0 | 10 | 114 | 114.00 | 0 | 0 |
Science - Biology | 0 | 1 | 0 | 1 | 10 | 136 | 136.00 | 0 | 0 |
Geography/Current Events | 0 | 1 | 0 | 0 | 10 | 117 | 117.00 | 0 | 0 |
Science - Chemistry | 0 | 0 | 0 | 0 | 0 | 0.00 | 0 | 0 | |
History - Other History | 0 | 0 | 1 | 0 | -5 | 0.00 | 0 | 0 |